[Event "TCh-TUR 2014"]
[Site "Konya TUR"]
[Date "2014.06.27"]
[Round "6.5"]
[White "Genov, Petar"]
[Black "Rzayev, Askar Aliakbar"]
[Result "1-0"]
[WhiteTitle "GM"]
[WhiteElo "2460"]
[BlackElo "2148"]
[WhiteTeam "Gokce Ada Spor Kulubu"]
[BlackTeam "Salihli Sardes Spor Kulubu"]
[WhiteFideId "2900211"]
[BlackFideId "13405039"]
[EventDate "2014.06.23"]

1. d4 d5 2. Nf3 e6 3. c4 c5 4. cxd5 exd5 5. g3 Nc6 6. Bg2 Nf6 7. O-O Be7 8. Nc3
O-O 9. dxc5 d4 10. Na4 Bf5 11. Bg5 h6 12. Bxf6 Bxf6 13. Ne1 Re8 14. Nd3 Qe7 15.
Re1 Be4 16. b4 Bxg2 17. Kxg2 Qe4+ 18. Kg1 h5 19. Nab2 h4 20. Nc4 h3 21. f3 Qe6
22. Qb3 g5 23. Kh1 Rad8 24. Rad1 Qf5 25. g4 Qe6 26. Nd6 Rxd6 27. cxd6 Qxd6 28.
b5 Bd8 29. Qc2 Bc7 30. e3 Nd8 31. exd4 Rxe1+ 32. Rxe1 Ne6 33. Ne5 Qd5 34. Qc4
Qxd4 35. Qxd4 Nxd4 36. a4 f6 37. Nd7 Kf7 38. Re3 b6 39. f4 Bxf4 40. Rxh3 Ke6 41.
Rh7 Bd6 42. Nxf6 Kxf6 43. Rxa7 Bc5 44. Kg2 Ke5 45. h3 Ne6 46. Rf7 Nf4+ 47. Kg3
Ne6 48. h4 gxh4+ 49. Kxh4 Be3 50. Rb7 Kd6 51. Kg3 Nd8 52. Ra7 Ne6 53. Rb7 Nd8
54. Rg7 Ne6 55. Rg8 Bg5 56. Kf3 Bd2 57. Ke4 Nc5+ 58. Kf5 Bc3 59. Rg6+ Kc7 60.
Rc6+ Kb7 61. g5 Ba1 62. g6 Nd7 63. Rc1 Bb2 64. Rc2 Ba1 65. Ke6 Nc5+ 66. Kf7 Bd4
67. Rc4 Bb2 68. a5 Nd7 69. a6+ Kb8 70. a7+ Kb7 71. Rc7+ 1-0

[Event "TCh-TUR 2014"]
[Site "Konya TUR"]
[Date "2014.06.27"]
[Round "6.5"]
[White "Celiker, Yakup"]
[Black "Alaybeyoglu, Hasan"]
[Result "1-0"]
[WhiteElo "2116"]
[BlackElo "2105"]
[WhiteTeam "Salihli Sardes Spor Kulubu"]
[BlackTeam "Gokce Ada Spor Kulubu"]
[WhiteFideId "6302025"]
[BlackFideId "6300723"]
[EventDate "2014.06.23"]

1. c4 g6 2. Nc3 Bg7 3. d4 d6 4. e4 Nf6 5. f3 O-O 6. Be3 c6 7. Qd2 d5 8. e5 Ne8
9. h4 f6 10. h5 Kf7 11. O-O-O Be6 12. Nh3 Bxh3 13. Rxh3 Nc7 14. Bh6 Rg8 15. Bxg7
Rxg7 16. hxg6+ hxg6 17. Bd3 Nd7 18. Qe3 e6 19. g4 Qe7 20. exf6 Qxf6 21. g5 Qd8
22. Qf4+ Ke7 23. Re1 Rc8 24. c5 Qf8 25. Qd6+ Kd8 26. Qh2 Qe7 27. Rh8+ Ne8 28.
Kb1 Nf8 29. Qh6 Qf7 30. f4 Rc7 31. Ne2 Rg8 32. Rxg8 Qxg8 33. Qh2 Rh7 34. Qg3 Qh8
35. f5 gxf5 36. Qb8+ Kd7 37. Qxb7+ Nc7 38. Qxa7 Rh3 39. Ba6 Qh4 40. Rc1 Qe4+ 41.
Ka1 Rh1 42. a3 Rxc1+ 43. Nxc1 Qe1 44. Kb1 Ng6 45. Qb8 Nxa6 46. Qd6+ Kc8 47.
Qxc6+ Nc7 48. Qb6 Qe4+ 49. Ka2 Qxd4 50. Nb3 Qc4 51. c6 Qb5 52. Qd4 Qxc6 53. Qf6
Qe8 54. Nc5 f4 55. Nd3 e5 56. Nc5 e4 57. a4 e3 58. Qb6 Qe5 59. Qxg6 d4 60. Qg8+
Ne8 61. Nd3 Qe4 62. Nc5 Qe7 63. Qc4 Nd6 64. Qa6+ Kd8 65. Qa8+ Nc8 66. Qd5+ Kc7
67. Ne6+ Kb8 68. Nxd4 Na7 69. g6 e2 70. Nxe2 Qxe2 71. g7 f3 72. g8=Q+ 1-0

[Event "TCh-TUR 2014"]
[Site "Konya TUR"]
[Date "2014.06.27"]
[Round "6.5"]
[White "Demiralp, Murat"]
[Black "Akyildiz, Baris"]
[Result "1/2-1/2"]
[WhiteElo "2061"]
[BlackElo "1964"]
[WhiteTeam "Gokce Ada Spor Kulubu"]
[BlackTeam "Salihli Sardes Spor Kulubu"]
[WhiteFideId "6301894"]
[BlackFideId "6302416"]
[EventDate "2014.06.23"]

1. d4 f5 2. h3 d5 3. Bf4 e6 4. e3 Bd6 5. Nf3 Nf6 6. c3 Qe7 7. Bxd6 Qxd6 8. Ne5
O-O 9. Nd2 Bd7 10. f4 c5 11. Be2 Nc6 12. O-O Ne4 13. Nxe4 fxe4 14. dxc5 Qe7 15.
Nxc6 bxc6 16. Qd4 a5 17. Kh2 Rfb8 18. b3 Qf6 19. Rab1 Bc8 20. Rfc1 Qxd4 21. cxd4
Ba6 22. Bxa6 Rxa6 23. a3 Ra7 24. Rb2 Rab7 25. Rcb1 Kf7 26. Kg3 Kf6 27. Kf2 g5
28. Kg3 gxf4+ 29. Kxf4 Rg8 30. g4 h5 31. Rg2 Rf7 32. Kg3 h4+ 33. Kf2 1/2-1/2

[Event "TCh-TUR 2014"]
[Site "Konya TUR"]
[Date "2014.06.27"]
[Round "6.5"]
[White "Gumustas, Ilgaz"]
[Black "Ozoglu, Berker"]
[Result "1-0"]
[WhiteElo "1841"]
[BlackElo "1979"]
[WhiteTeam "Salihli Sardes Spor Kulubu"]
[BlackTeam "Gokce Ada Spor Kulubu"]
[WhiteFideId "6305270"]
[BlackFideId "6330312"]
[EventDate "2014.06.23"]

1. e4 c5 2. Nf3 e6 3. d3 Nc6 4. g3 d5 5. Nbd2 g6 6. Bg2 Bg7 7. O-O Nge7 8. Re1
O-O 9. c3 b5 10. Nf1 b4 11. e5 Qc7 12. Bf4 a5 13. h4 Ba6 14. h5 a4 15. a3 bxa3
16. bxa3 Na5 17. N1h2 Rfb8 18. Ng4 Rb2 19. Nf6+ Kh8 20. Ng5 Nf5 21. Bxd5 Rd8 22.
Be4 h6 23. hxg6 hxg5 24. Qh5+ Bh6 25. Bxf5 Kg7 26. Bxg5 Bxg5 27. Qh7+ Kf8 28.
g7+ Ke7 29. g8=Q Rxg8 30. Qxg8 Bxf6 31. exf6+ Kxf6 32. f4 Ke7 33. Bxe6 Kd6 34.
Bxf7 Kc6 35. Qe8+ Kb6 36. Bd5 Nb7 37. Re6+ Ka7 38. Rae1 Bb5 39. Re7 Qb6 40. Qc8
Ba6 41. Bxb7 c4+ 42. d4 Bxb7 43. Qxb7+ Qxb7 44. Rxb7+ Kxb7 45. f5 Kc7 46. f6 Rb6
47. Rf1 Rb8 48. f7 1-0

[Event "TCh-TUR 2014"]
[Site "Konya TUR"]
[Date "2014.06.27"]
[Round "6.5"]
[White "Genova, Lyubka"]
[Black "Abdulla, Khayala"]
[Result "1/2-1/2"]
[WhiteTitle "WIM"]
[BlackTitle "WIM"]
[WhiteElo "2258"]
[BlackElo "2233"]
[WhiteTeam "Gokce Ada Spor Kulubu"]
[BlackTeam "Salihli Sardes Spor Kulubu"]
[WhiteFideId "2905612"]
[BlackFideId "13401807"]
[EventDate "2014.06.23"]

1. e4 c5 2. Nf3 e6 3. c4 Nc6 4. Nc3 e5 5. g3 g6 6. Bg2 Bg7 7. O-O Nge7 8. d3 O-O
9. Be3 d6 10. Qd2 f5 11. Nh4 Be6 12. f4 Qd7 13. Rab1 1/2-1/2

[Event "TCh-TUR 2014"]
[Site "Konya TUR"]
[Date "2014.06.27"]
[Round "6.5"]
[White "Rzayev, Bahruz"]
[Black "Catalkilic, Ozgur"]
[Result "1-0"]
[WhiteTitle "IM"]
[WhiteElo "2425"]
[BlackElo "1914"]
[WhiteTeam "Salihli Sardes Spor Kulubu"]
[BlackTeam "Gokce Ada Spor Kulubu"]
[WhiteFideId "13403036"]
[BlackFideId "6306500"]
[EventDate "2014.06.23"]

1. e4 c5 2. Nf3 d6 3. c3 Qa5 4. Bc4 Nf6 5. e5 dxe5 6. Nxe5 e6 7. O-O Bd6 8. Qe2
O-O 9. d4 Nbd7 10. Bf4 Nb6 11. Bg3 Rd8 12. Nd2 Qa4 13. Bb3 Qe8 14. Bh4 cxd4 15.
Bxf6 gxf6 16. Ng4 Be7 17. Ne4 Kh8 18. Nexf6 Qf8 19. cxd4 Nd7 20. Nh5 Qg8 21. Ne5
Nf8 22. Rad1 f6 23. Nf3 Qg4 24. Ng3 Bd6 25. Ne4 Qg7 26. Nxd6 Rxd6 27. d5 e5 28.
Nd2 Ng6 29. g3 Nf4 30. Qb5 Bf5 31. f3 Bd3 32. Qc5 Bxf1 33. Qxd6 Bd3 34. Bc4 Nh3+
35. Kg2 Nf4+ 36. Kh1 Rg8 37. Bxd3 Nxd3 38. Ne4 Nxb2 39. Rb1 Nc4 40. Qe6 Rd8 41.
d6 Qf8 42. Qxc4 1-0

[Event "TCh-TUR 2014"]
[Site "Konya TUR"]
[Date "2014.06.27"]
[Round "6.5"]
[White "Yanar, Mehmet"]
[Black "Uysal, Utkan Alp"]
[Result "0-1"]
[WhiteElo "1670"]
[BlackElo "1722"]
[WhiteTeam "Gokce Ada Spor Kulubu"]
[BlackTeam "Salihli Sardes Spor Kulubu"]
[WhiteFideId "6322999"]
[BlackFideId "6329888"]
[EventDate "2014.06.23"]

1. e4 d5 2. exd5 Nf6 3. d4 Bg4 4. Be2 Bxe2 5. Nxe2 Qxd5 6. O-O Nc6 7. Nbc3 Qf5
8. Be3 O-O-O 9. Ng3 Qg6 10. Nce2 e5 11. c3 h5 12. Qb1 e4 13. Nf4 Qh7 14. Nh3 Re8
15. Ng5 Qg6 16. h4 Bd6 17. Qc1 Nd5 18. c4 Nxe3 19. Qxe3 f6 20. Ne6 Rxe6 21. d5
Re5 22. dxc6 Bc5 23. cxb7+ Kb8 24. Qf4 e3 25. Kh1 exf2 26. Kh2 Qg4 27. Qxg4 hxg4
28. h5 Bd6 29. Kh1 Rexh5+ 0-1

[Event "TCh-TUR 2014"]
[Site "Konya TUR"]
[Date "2014.06.27"]
[Round "6.5"]
[White "Akti, Ezgi"]
[Black "Oncu, Tugce"]
[Result "1/2-1/2"]
[WhiteElo "1483"]
[BlackElo "1424"]
[WhiteTeam "Salihli Sardes Spor Kulubu"]
[BlackTeam "Gokce Ada Spor Kulubu"]
[WhiteFideId "6380638"]
[BlackFideId "6365604"]
[EventDate "2014.06.23"]

1. e4 c5 2. Nc3 d6 3. f4 Nc6 4. Bc4 g6 5. d3 Bg7 6. Nf3 e6 7. Qe2 Nge7 8. O-O
O-O 9. Ng5 Nd4 10. Qf2 d5 11. Bb3 Nxb3 12. axb3 b6 13. Qg3 Bb7 14. e5 Nf5 15.
Qf2 a6 16. g4 Nd4 17. Be3 Nc6 18. Bd2 Nb4 19. Be1 h6 20. Nf3 d4 21. Ne4 Nd5 22.
Bd2 f6 23. Qg3 a5 24. h4 Qe7 25. Rf2 Rad8 26. Re1 Bc6 27. Rh2 Kh7 28. h5 g5 29.
exf6 Nxf6 30. fxg5 Nxe4 31. g6+ Kg8 32. dxe4 d3 33. c3 Qf6 34. Rf2 Qe7 35. g5
hxg5 36. Nxg5 Rxf2 37. Qxf2 Rf8 38. Qe3 Bh6 39. Qg3 Be8 1/2-1/2

[Event "TCh-TUR 2014"]
[Site "Konya TUR"]
[Date "2014.06.28"]
[Round "7.1"]
[White "Rzayev, Askar Aliakbar"]
[Black "Fedorchuk, Sergey A."]
[Result "0-1"]
[BlackTitle "GM"]
[WhiteElo "2148"]
[BlackElo "2655"]
[WhiteTeam "Salihli Sardes Spor Kulubu"]
[BlackTeam "Kayseri Seker Spor Kulubu"]
[WhiteFideId "13405039"]
[BlackFideId "14102536"]
[EventDate "2014.06.23"]

1. d4 Nf6 2. Bg5 e6 3. Nd2 h6 4. Bh4 c5 5. e3 cxd4 6. exd4 Be7 7. Ngf3 b6 8. Bd3
Bb7 9. Bxf6 Bxf6 10. Be4 Qc7 11. Bxb7 Qxb7 12. O-O O-O 13. Qe2 Nc6 14. c3 d5 15.
h3 Rac8 16. Rfe1 b5 17. Nb3 b4 18. Nc5 Qc7 19. Rac1 bxc3 20. bxc3 Be7 21. Nd3
Ba3 22. Rc2 Rfd8 23. g4 Be7 24. h4 a5 25. Rcc1 Ba3 26. Rb1 a4 27. g5 hxg5 28.
Nxg5 Be7 29. Qh5 Bxg5 30. hxg5 g6 31. Qh3 Qe7 32. f4 Rb8 33. Rxb8 Rxb8 34. Nf2
Qc7 35. Ng4 Kf8 36. Nf6 Qd6 37. Qh8+ Ke7 38. Qg7 Nd8 39. Qh8 Nc6 40. Qg7 a3 41.
Qh7 Nd8 42. Qh8 Nc6 43. Qh7 Na5 44. Re5 Rb1+ 45. Kg2 Qa6 46. Nxd5+ Kd6 47. Ne3
Qe2+ 0-1

[Event "TCh-TUR 2014"]
[Site "Konya TUR"]
[Date "2014.06.28"]
[Round "7.1"]
[White "Kanmazalp, Ogulcan"]
[Black "Celiker, Yakup"]
[Result "1-0"]
[WhiteTitle "IM"]
[WhiteElo "2441"]
[BlackElo "2116"]
[WhiteTeam "Kayseri Seker Spor Kulubu"]
[BlackTeam "Salihli Sardes Spor Kulubu"]
[WhiteFideId "6304990"]
[BlackFideId "6302025"]
[EventDate "2014.06.23"]

1. e4 b6 2. d4 Bb7 3. Bd3 Nc6 4. c3 e5 5. Nf3 Bd6 6. O-O h6 7. Nbd2 g5 8. Nc4
Qf6 9. Be3 Qg7 10. dxe5 Be7 11. Nd4 Nd8 12. Nf5 Qh7 13. a4 a6 14. b4 Ne6 15. Qd2
h5 16. Rad1 Bc6 17. b5 axb5 18. axb5 Bb7 19. Bb1 Rd8 20. Bxb6 Kf8 21. Be3 Qg6
22. b6 c5 23. Ncd6 Bc6 24. b7 Rb8 25. Qa2 Bd8 26. Qa7 Bc7 27. Bxc5 Nh6 28. Nb5+
Kg8 29. Ne7+ Kg7 30. Nxg6 Kxg6 31. Nxc7 Rxb7 32. Qxb7 Bxb7 33. Nxe6 dxe6 34. Bd3
Rc8 35. Bd4 h4 36. Rb1 Bc6 37. f3 1-0

[Event "TCh-TUR 2014"]
[Site "Konya TUR"]
[Date "2014.06.28"]
[Round "7.1"]
[White "Akyildiz, Baris"]
[Black "Erdogdu, Mert"]
[Result "0-1"]
[BlackTitle "IM"]
[WhiteElo "1964"]
[BlackElo "2423"]
[WhiteTeam "Salihli Sardes Spor Kulubu"]
[BlackTeam "Kayseri Seker Spor Kulubu"]
[WhiteFideId "6302416"]
[BlackFideId "6301495"]
[EventDate "2014.06.23"]

1. c4 Nf6 2. Nc3 g6 3. g3 Bg7 4. Bg2 d6 5. e3 e5 6. Nge2 O-O 7. O-O Re8 8. d3
Nbd7 9. Rb1 a5 10. b3 h5 11. h4 Nc5 12. e4 c6 13. f3 d5 14. cxd5 cxd5 15. Bg5
Qb6 16. Kh2 dxe4 17. dxe4 Be6 18. Bxf6 Bxf6 19. Nd5 Bxd5 20. Qxd5 Rac8 21. Rbc1
Red8 22. Qc4 Rc6 23. Nc3 Nd3 24. Nd5 Rxc4 25. bxc4 Qc6 26. Rb1 Nb4 27. Rfc1 Kg7
28. a3 Nxd5 29. cxd5 Qd7 30. Bf1 Rc8 31. Rxc8 Qxc8 32. Rb5 Qc7 33. Bg2 Be7 34.
a4 b6 35. Rb2 Qc5 36. Rb5 Qd4 37. Kh3 Bc5 38. Kh2 Qxa4 39. Rb1 Qc2 0-1

[Event "TCh-TUR 2014"]
[Site "Konya TUR"]
[Date "2014.06.28"]
[Round "7.1"]
[White "Atalik, Ekaterina"]
[Black "Gumustas, Ilgaz"]
[Result "1-0"]
[WhiteTitle "IM"]
[WhiteElo "2433"]
[BlackElo "1841"]
[WhiteTeam "Kayseri Seker Spor Kulubu"]
[BlackTeam "Salihli Sardes Spor Kulubu"]
[WhiteFideId "4130189"]
[BlackFideId "6305270"]
[EventDate "2014.06.23"]

1. d4 Nf6 2. c4 g6 3. Nc3 Bg7 4. e4 d6 5. Nf3 c6 6. Be2 O-O 7. O-O Nbd7 8. Qc2
e5 9. dxe5 dxe5 10. h3 Qe7 11. b3 Nh5 12. a4 Re8 13. Rd1 Nf4 14. Ba3 Nc5 15. a5
Nfe6 16. Na4 f6 17. Ne1 Bf8 18. Nxc5 Nxc5 19. Nd3 Qf7 20. Bxc5 Bg7 21. Be3 f5
22. f3 f4 23. Bf2 g5 24. a6 b6 25. c5 b5 26. Nb4 Be6 27. Rab1 h5 28. Rd6 g4 29.
fxg4 hxg4 30. hxg4 Bf6 31. Nxc6 Kg7 32. g5 Rh8 33. Qc3 Kf8 34. g6 Qxg6 35. Rxe6
Qh7 36. Rxf6+ Kg7 37. Rg6+ Kxg6 38. Nxe5+ Kg5 39. Nf3+ Kg6 40. Nh4+ 1-0

[Event "TCh-TUR 2014"]
[Site "Konya TUR"]
[Date "2014.06.28"]
[Round "7.1"]
[White "Abdulla, Khayala"]
[Black "Javakhishvili, Lela"]
[Result "0-1"]
[WhiteTitle "WIM"]
[BlackTitle "IM"]
[WhiteElo "2233"]
[BlackElo "2474"]
[WhiteTeam "Salihli Sardes Spor Kulubu"]
[BlackTeam "Kayseri Seker Spor Kulubu"]
[WhiteFideId "13401807"]
[BlackFideId "13601458"]
[EventDate "2014.06.23"]

1. e4 c5 2. Nf3 e6 3. d4 cxd4 4. Nxd4 Nf6 5. Nc3 d6 6. Be2 Nc6 7. O-O Be7 8. Be3
O-O 9. f4 Bd7 10. Kh1 Qb8 11. Bf3 Rd8 12. Qe1 Nxd4 13. Bxd4 e5 14. Be3 Be6 15.
Rd1 b5 16. Nd5 Bxd5 17. exd5 exf4 18. Bxf4 Re8 19. Qg3 Qc7 20. c3 Bf8 21. Rd4 g6
22. Bd1 Nd7 23. Bg5 Bg7 24. Rh4 Nc5 25. Qh3 Ne4 26. Be3 Qc4 27. Kg1 h6 28. Qf3
f5 29. Bb3 Qc7 30. Bc2 Qe7 31. Rh3 h5 32. Bxe4 Qxe4 33. Qg3 Kh7 34. Qxd6 Rad8
35. Qa6 Rxd5 36. Rg3 Re6 37. Qxa7 Rd3 38. Bd4 Re7 39. Qxe7 Qxe7 40. Rxd3 Qe2 41.
Rfd1 Qxb2 42. R3d2 Qa3 43. Kf2 h4 44. Rb1 Qd6 45. g3 Be5 46. Rg1 hxg3+ 47. hxg3
Bxg3+ 48. Kg2 Bh4 49. Kh3 g5 50. Be3 Qe6 51. Bd4 g4+ 52. Kh2 f4 53. Rf1 f3 54.
Bf2 Qe5+ 55. Kg1 g3 56. Bd4 Qe4 57. Rb2 Bg5 0-1

[Event "TCh-TUR 2014"]
[Site "Konya TUR"]
[Date "2014.06.28"]
[Round "7.1"]
[White "Aksakal, Boran"]
[Black "Rzayev, Bahruz"]
[Result "0-1"]
[BlackTitle "IM"]
[WhiteElo "1622"]
[BlackElo "2425"]
[WhiteTeam "Kayseri Seker Spor Kulubu"]
[BlackTeam "Salihli Sardes Spor Kulubu"]
[WhiteFideId "6366511"]
[BlackFideId "13403036"]
[EventDate "2014.06.23"]

1. e4 e5 2. Nf3 Nc6 3. Bc4 Nf6 4. d4 exd4 5. O-O Nxe4 6. Re1 d5 7. Bxd5 Qxd5 8.
Nc3 Qa5 9. Nxe4 Be6 10. Neg5 O-O-O 11. Nxe6 fxe6 12. Rxe6 h6 13. Qe2 Bd6 14. Bd2
Qh5 15. h3 Rhe8 16. Re1 Rxe6 17. Qxe6+ Kb8 18. a3 a5 19. Qe2 Qf5 20. Qd3 Qf7 21.
Qb5 g5 22. Re4 Qg6 23. Qd3 Qf6 24. Qb5 b6 25. Kh1 Kb7 26. Qd3 Bf8 27. Qc4 Qf5
28. Re6 Nb8 29. Re5 Qd7 30. b4 axb4 31. axb4 Nc6 32. Re6 Qd5 33. Qxd5 Rxd5 34.
Rf6 Bxb4 35. Rxh6 Bxd2 36. Nxd2 Rc5 37. Ne4 Rxc2 38. Rg6 d3 39. Rxg5 d2 40. Nxd2
Rxd2 41. f4 Rf2 42. g3 Nd4 43. Kg1 Rd2 44. Rg8 b5 45. h4 b4 46. Re8 b3 47. Kf1
Rd1+ 0-1

[Event "TCh-TUR 2014"]
[Site "Konya TUR"]
[Date "2014.06.28"]
[Round "7.1"]
[White "Uysal, Utkan Alp"]
[Black "Yazici, Ugur Doga"]
[Result "0-1"]
[WhiteElo "1722"]
[BlackElo "1693"]
[WhiteTeam "Salihli Sardes Spor Kulubu"]
[BlackTeam "Kayseri Seker Spor Kulubu"]
[WhiteFideId "6329888"]
[BlackFideId "6363342"]
[EventDate "2014.06.23"]

1. e4 e5 2. Nc3 Nf6 3. Bc4 Nc6 4. d3 Be7 5. f4 d6 6. f5 Na5 7. Bb3 Nxb3 8. axb3
d5 9. Qf3 dxe4 10. dxe4 O-O 11. Bg5 c6 12. h4 Qc7 13. Qg3 Nh5 14. Qf2 Rd8 15.
Nge2 b6 16. g4 Nf6 17. Qf3 Bb7 18. h5 h6 19. Bh4 Nh7 20. f6 Bxf6 21. Bxf6 gxf6
22. Ng3 Bc8 23. Rf1 Qd6 24. Rd1 Qe7 25. Rxd8+ Qxd8 26. Rf2 Be6 27. Nd1 Ng5 28.
Qc3 Bxg4 29. Ne3 Nf3+ 30. Kf1 Bh3+ 31. Ke2 Nd4+ 32. Ke1 Qd6 33. Nc4 Qe6 34. Qe3
Qg4 35. Nd6 Rd8 36. Nc4 Nxc2+ 37. Rxc2 Qd1+ 38. Kf2 Qxc2+ 39. Ne2 Bg4 40. Na3
Qxe2+ 41. Qxe2 Bxe2 42. Kxe2 Kf8 43. Nc4 Ke7 44. Ne3 Ke6 45. Nf5 Rg8 46. Nxh6
Rg5 47. Nf5 Rxf5 48. exf5+ Kxf5 49. Kf3 Kg5 50. Ke4 Kxh5 51. Kf5 Kh4 52. b4 c5
53. b5 Kg3 54. Ke4 Kg4 55. Kd5 Kf4 56. Kc6 e4 57. Kb7 e3 58. Kxa7 e2 59. Kxb6
e1=Q 60. Kxc5 Qe8 61. b6 Qb8 0-1

[Event "TCh-TUR 2014"]
[Site "Konya TUR"]
[Date "2014.06.28"]
[Round "7.1"]
[White "Aksoy, Ayca"]
[Black "Akti, Ezgi"]
[Result "1-0"]
[WhiteElo "1771"]
[BlackElo "1483"]
[WhiteTeam "Kayseri Seker Spor Kulubu"]
[BlackTeam "Salihli Sardes Spor Kulubu"]
[WhiteFideId "6355978"]
[BlackFideId "6380638"]
[EventDate "2014.06.23"]

1. Nf3 b6 2. d4 Bb7 3. e3 e6 4. Be2 Nf6 5. O-O Be7 6. c4 d6 7. Nc3 Nbd7 8. a3
O-O 9. d5 e5 10. b4 a5 11. Bb2 Ba6 12. Qc2 Qc8 13. Rfd1 Re8 14. Rac1 Bf8 15. Nd2
g6 16. Bf3 Ra7 17. Na4 Qb8 18. Nc3 Qd8 19. Be2 Qe7 20. Nf3 Rc8 21. Qa4 Rca8 22.
Qc2 Rc8 23. Qa4 Rca8 24. Qc2 Bg7 25. h3 Rb8 26. Na4 axb4 27. axb4 Bxc4 28. Bxc4
b5 29. Nb6 Nxb6 30. Bb3 Qd7 31. e4 Nc8 32. Bxe5 dxe5 33. Nxe5 Qd6 34. Nc6 Nd7
35. Nxa7 Nxa7 36. Qxc7 Nc8 37. Qd8+ Nf8 38. Qa5 Be5 39. Rc6 Qd7 40. Rdc1 Ne7 41.
R6c2 f5 42. d6+ Kg7 43. dxe7 Ne6 44. Bxe6 Qxe6 45. Qd8 fxe4 46. Rc8 Rxc8 47.
Rxc8 e3 48. Qf8# 1-0

[Event "TCh-TUR 2014"]
[Site "Konya TUR"]
[Date "2014.06.28"]
[Round "7.2"]
[White "Szabo, Bence"]
[Black "Volkov, Sergey"]
[Result "1/2-1/2"]
[WhiteTitle "IM"]
[BlackTitle "GM"]
[WhiteElo "2410"]
[BlackElo "2579"]
[WhiteTeam "Samandag Altin Piyon"]
[BlackTeam "Kocaeli Buyuksehir Belediyesi Kagit Spor"]
[WhiteFideId "733776"]
[BlackFideId "4122763"]
[EventDate "2014.06.23"]

1. d4 d5 2. c4 c6 3. Nf3 Nf6 4. Nc3 a6 5. c5 Nbd7 6. Bf4 Nh5 7. Qd2 g6 8. Bh6
Bxh6 9. Qxh6 b6 10. cxb6 Qxb6 11. Qd2 Nhf6 12. e3 c5 13. Na4 Qd6 14. Nxc5 1/2-1/2

[Event "TCh-TUR 2014"]
[Site "Konya TUR"]
[Date "2014.06.28"]
[Round "7.2"]
[White "Nikolova, Adriana"]
[Black "Nagy, Gabor1"]
[Result "0-1"]
[WhiteTitle "WGM"]
[BlackTitle "IM"]
[WhiteElo "2303"]
[BlackElo "2428"]
[WhiteTeam "Kocaeli Buyuksehir Belediyesi Kagit Spor"]
[BlackTeam "Samandag Altin Piyon"]
[WhiteFideId "2908689"]
[BlackFideId "737119"]
[EventDate "2014.06.23"]

1. e4 c5 2. c3 g6 3. d4 cxd4 4. cxd4 d5 5. e5 Nc6 6. Nc3 f6 7. f4 fxe5 8. fxe5
Nh6 9. Bb5 Bg7 10. Bxh6 Bxh6 11. Qf3 a6 12. Bxc6+ bxc6 13. Nge2 Rf8 14. Qg3 e6
15. Rf1 Ra7 16. Rxf8+ Kxf8 17. Rd1 Bg5 18. Qh3 Kg7 19. Rd3 Qf8 20. Qg4 Qe7 21.
Rf3 h5 22. Qh3 Rb7 23. b3 Rb4 24. Na4 Rxd4 25. Nxd4 Qb4+ 26. Rc3 Qxd4 27. Qf3
Qxe5+ 28. Kf1 Bd2 29. Qf2 Bxc3 30. Qa7+ Kh6 31. Nxc3 Qxc3 32. Qc7 Qf6+ 33. Ke2
Qf8 34. Qxc6 Qd8 35. Qc1+ Kh7 36. Qf4 Qe7 37. Qe5 a5 38. h3 Ba6+ 39. Kd1 h4 40.
Qe1 Qb4 41. Qe3 a4 42. Qa7+ Qb7 43. Qd4 axb3 44. Qxh4+ Kg7 45. Qd4+ Kf7 46. Qf4+
Ke7 47. Qg5+ Kd7 48. axb3 Qxb3+ 49. Kd2 Qb2+ 50. Kd1 Qb1+ 51. Kd2 Qd3+ 52. Kc1
Bc4 53. Qf6 Qf1+ 0-1

[Event "TCh-TUR 2014"]
[Site "Konya TUR"]
[Date "2014.06.28"]
[Round "7.2"]
[White "Arslan, Erdal"]
[Black "Ari, Zeki"]
[Result "1/2-1/2"]
[BlackTitle "FM"]
[WhiteElo "2017"]
[BlackElo "2205"]
[WhiteTeam "Samandag Altin Piyon"]
[BlackTeam "Kocaeli Buyuksehir Belediyesi Kagit Spor"]
[WhiteFideId "6318916"]
[BlackFideId "6300421"]
[EventDate "2014.06.23"]

1. Nf3 c5 2. c4 Nf6 3. Nc3 d5 4. cxd5 Nxd5 5. g3 Nc6 6. Bg2 Nc7 7. d3 e5 8. O-O
Be7 9. Be3 O-O 10. Rc1 b6 11. Nd2 Bb7 12. Nc4 f6 13. a4 Kh8 14. Nb5 Ne6 15. Re1
Qd7 16. Qb3 Rab8 17. Qd1 Ba8 18. Ra1 Nb4 19. Bxa8 Rxa8 20. Bd2 Rad8 21. Qb3 Rb8
22. Ne3 a6 23. Na3 Nd4 24. Qd1 Nbc6 25. Nac4 f5 26. Nc2 Nxc2 27. Qxc2 f4 28. Bc3
Qf5 29. Kg2 Rf6 30. f3 h5 31. e4 Qg5 32. Qf2 Rg6 33. Kh1 fxg3 34. Qxg3 Qxg3 35.
hxg3 Bf6 36. Kg2 Bh4 37. Nxe5 Rxg3+ 38. Kh2 Rc8 39. Rg1 Rxg1 40. Rxg1 Nxe5 41.
Bxe5 Bf6 42. Bxf6 gxf6 43. Rg6 Rf8 44. Rh6+ Kg7 45. Rxh5 Rc8 46. Kg3 c4 47. Rd5
cxd3 48. Rxd3 Rc4 49. b3 Rb4 50. Kf4 Kg6 51. Rc3 a5 52. Rd3 b5 53. axb5 Rxb5 54.
Ke3 Rb4 55. f4 Kh5 56. Kf3 Kg6 57. Rc3 Rd4 58. Re3 Rb4 59. Kg4 a4 60. f5+ Kf7
61. bxa4 Rxa4 62. Kf4 Ra1 63. Rb3 Rf1+ 64. Ke3 Re1+ 65. Kf3 Rf1+ 66. Ke2 Ra1 67.
Rb7+ Kf8 68. Kf3 Re1 69. Kf4 Re2 70. Kf3 Re1 71. Rc7 Kg8 72. Kg4 Rg1+ 73. Kh5
Kf8 74. Kh6 Kg8 75. Ra7 Rg2 76. Rb7 Rg1 77. Re7 Rg2 78. e5 fxe5 79. Rxe5 Kf7 80.
Re6 Rg1 81. Rg6 Rh1+ 82. Kg5 Rg1+ 83. Kh6 Rh1+ 84. Kg5 Rg1+ 85. Kh5 Rh1+ 86. Kg5
Rg1+ 1/2-1/2

[Event "TCh-TUR 2014"]
[Site "Konya TUR"]
[Date "2014.06.28"]
[Round "7.2"]
[White "Ersahin, Bulent"]
[Black "Ermis, Mehmet Eren"]
[Result "1-0"]
[WhiteElo "2196"]
[BlackElo "1893"]
[WhiteTeam "Kocaeli Buyuksehir Belediyesi Kagit Spor"]
[BlackTeam "Samandag Altin Piyon"]
[WhiteFideId "6302670"]
[BlackFideId "6328008"]
[EventDate "2014.06.23"]

1. d4 Nf6 2. Nf3 g6 3. g3 Bg7 4. Bg2 d5 5. c4 dxc4 6. O-O O-O 7. Na3 c3 8. bxc3
c5 9. Nc4 Be6 10. Nce5 Bd5 11. e3 Nc6 12. Nd3 Ne4 13. Bb2 cxd4 14. cxd4 Nd6 15.
Qe2 Rc8 16. Rfc1 b6 17. Nf4 Be4 18. Bh3 Bf5 19. Bf1 Re8 20. d5 Bxb2 21. Qxb2 Na5
22. Ba6 Rxc1+ 23. Rxc1 Ndb7 24. Nd4 Bd7 25. Bb5 Nc5 26. a4 Nxa4 27. Bxa4 e5 28.
dxe6 fxe6 29. Bxd7 Qxd7 30. Nf3 Nb7 31. Ne5 Qd6 32. Qd4 1-0